Fluid mechanics

Other Authors: Kundu, Pijush K.
Edition: Seventh edition.
Subjects:
Online Access: http://library.unisel.edu.my/web/guest/mylibrary
LEADER 00860cam a2200241 7i4500
001 0000088216
005 20250919090000.0
020 |a 9780128198070 (electronic book)  
090 0 0 |a TA357   |b .F59 2025 
245 0 0 |a Fluid mechanics   |c Pijush K. Kundu [and three others]. 
250 |a Seventh edition. 
264 |a London:   |b Academic Press,   |c 2025. 
300 |a 1 online resource (704 pages):   |b illustations, text file, PDF. 
336 |a text  |2 rdacontent 
337 |a computer  |2 rdamedia 
338 |a online resource  |2 rdacarrier 
650 0 |a Fluid mechanics  
655 0 |a Electronic books 
700 1 |a Kundu, Pijush K.  
856 4 2 |u http://library.unisel.edu.my/web/guest/mylibrary 
997 |a Engineering & Life Sciences, Faculty  |b Engineering, Department 
998 |a Mechanical Engineering, Diploma 
999 |a EBO0026485  |b EBOOK  |c EBOOK  |e Electronic resources